Missing Word: 'F' Science Quiz Stats

 Plays Quiz Updated Apr 22, 2018

Challenge
Share
Tweet
Embed
Score 0/20 Timer 03:00
4 Plays Today
Hint Missing 'F' Word % Correct
Flora and _____Fauna
90.9%
________ NightingaleFlorence
88.1%
Nuclear _______Fission
83.5%
Degrees __________Fahrenheit
83.2%
____ RadicalFree
80.7%
Tibia and ______Fibula
77.8%
Tectonic _____ LinesFault
77.5%
_______ LobeFrontal
75.6%
________ Point (of water)Freezing
73%
Solar _____Flare
72.6%
Hint Missing 'F' Word % Correct
______ Disk DriveFloppy
58.6%
_________ SequenceFibonacci
57.3%
Tree ____ or Bull____Frog
54%
Jurassic ______ RecordFossil
43.5%
Coefficient of static ________Friction
39.1%
_______ CrickFrancis
36.9%
_________ = 1/PeriodFrequency
35.1%
______'s Last TheoremFermat
27.3%
Coriolis _____Force
26.5%
___________ Theorem of CalculusFundamental
17.2%

Today's Daily Dose

Word Ladder
King of the...

Quick Pick
The Doors Songs

On This Day
August 17th II

You're not logged in!

Compare scores with friends on all Sporcle quizzes.
Join for Free
OR
Log In

You Might Also Like...

Show Comments

Extras

Top Quizzes Today


Score Distribution

Your Account Isn't Verified!

In order to create a playlist on Sporcle, you need to verify the email address you used during registration. Go to your Sporcle Settings to finish the process.

Report this User

Report this user for behavior that violates our Community Guidelines.

Details: